[Event "Women's World Cup 2023"]
[Site "Baku, Azerbaijan"]
[Date "2023.07.30"]
[Round "1.20"]
[White "Cori T. Deysi (PER)"]
[Black "Alboredo Julia (BRA)"]
[Result "0-1"]
[WhiteFideId "3801934"]
[BlackFideId "2124807"]
[WhiteElo "2369"]
[BlackElo "2208"]

1. d4 {[%clk 01:30:55]} {[%emt 00:00:04]} Nf6 {[%clk 01:30:29]} {[%emt
00:00:31]} 2. c4 {[%clk 01:30:58]} {[%emt 00:00:27]} e6 {[%clk 01:30:25]}
{[%emt 00:00:34]} 3. g3 {[%clk 01:28:47]} {[%emt 00:02:42]} Bb4+ {[%clk
01:29:14]} {[%emt 00:01:41]} 4. Nd2 {[%clk 01:26:03]} {[%emt 00:03:13]} Nc6
{[%clk 01:25:13]} {[%emt 00:04:32]} 5. Ngf3 {[%clk 01:15:19]} {[%emt 00:11:15]}
O-O {[%clk 01:23:35]} {[%emt 00:02:08]} 6. Bg2 {[%clk 01:15:01]} {[%emt
00:00:49]} d6 {[%clk 01:20:37]} {[%emt 00:03:27]} 7. O-O {[%clk 01:13:18]}
{[%emt 00:02:13]} Bxd2 {[%clk 01:20:41]} {[%emt 00:00:26]} 8. Bxd2 {[%clk
01:03:06]} {[%emt 00:10:41]} Qe7 {[%clk 01:12:32]} {[%emt 00:08:40]} 9. b4
{[%clk 00:57:52]} {[%emt 00:05:44]} a5 {[%clk 01:02:15]} {[%emt 00:10:46]} 10.
b5 {[%clk 00:52:31]} {[%emt 00:05:52]} Nb8 {[%clk 01:00:33]} {[%emt 00:02:12]}
11. Rc1 {[%clk 00:47:18]} {[%emt 00:05:42]} e5 {[%clk 00:49:14]} {[%emt
00:11:49]} 12. dxe5 {[%clk 00:34:19]} {[%emt 00:13:30]} dxe5 {[%clk 00:49:33]}
{[%emt 00:00:10]} 13. c5 {[%clk 00:34:30]} {[%emt 00:00:19]} Rd8 {[%clk
00:43:45]} {[%emt 00:06:18]} 14. Qc2 {[%clk 00:32:13]} {[%emt 00:02:47]} c6
{[%clk 00:37:00]} {[%emt 00:07:15]} 15. a4 {[%clk 00:30:49]} {[%emt 00:01:54]}
Bg4 {[%clk 00:30:20]} {[%emt 00:07:09]} 16. Rfe1 {[%clk 00:28:54]} {[%emt
00:02:26]} h6 {[%clk 00:26:40]} {[%emt 00:04:10]} 17. h3 {[%clk 00:26:26]}
{[%emt 00:02:58]} Bd7 {[%clk 00:25:22]} {[%emt 00:01:48]} 18. Qb2 {[%clk
00:21:06]} {[%emt 00:05:50]} e4 {[%clk 00:20:53]} {[%emt 00:04:59]} 19. Nd4
{[%clk 00:12:36]} {[%emt 00:09:00]} Nd5 {[%clk 00:20:14]} {[%emt 00:01:09]} 20.
Qb3 {[%clk 00:07:49]} {[%emt 00:05:17]} Qe5 {[%clk 00:15:11]} {[%emt 00:05:32]}
21. Rc4 {[%clk 00:06:18]} {[%emt 00:02:01]} f5 {[%clk 00:09:39]} {[%emt
00:06:02]} 22. Rd1 {[%clk 00:02:55]} {[%emt 00:03:53]} Be8 {[%clk 00:07:55]}
{[%emt 00:02:14]} 23. bxc6 {[%clk 00:01:38]} {[%emt 00:01:48]} Nxc6 {[%clk
00:05:33]} {[%emt 00:02:51]} 24. e3 {[%clk 00:01:24]} {[%emt 00:00:44]} Rd7
{[%clk 00:02:14]} {[%emt 00:03:49]} 25. Bf1 {[%clk 00:00:36]} {[%emt 00:01:17]}
Bf7 {[%clk 00:02:13]} {[%emt 00:00:31]} 26. Qb5 {[%clk 00:01:04]} {[%emt
00:00:02]} Qf6 {[%clk 00:01:32]} {[%emt 00:01:12]} 27. Be2 {[%clk 00:01:02]}
{[%emt 00:00:32]} Kh7 {[%clk 00:01:07]} {[%emt 00:00:54]} 28. Qb1 {[%clk
00:00:44]} {[%emt 00:00:49]} Ndb4 {[%clk 00:00:39]} {[%emt 00:00:58]} 29. Rcc1
{[%clk 00:00:38]} {[%emt 00:00:35]} Nxd4 {[%clk 00:00:54]} {[%emt 00:00:15]} 30.
exd4 {[%clk 00:01:05]} {[%emt 00:00:03]} Rxd4 {[%clk 00:00:56]} {[%emt
00:00:28]} 31. Bc3 {[%clk 00:00:58]} {[%emt 00:00:38]} Rxd1+ {[%clk 00:01:21]}
{[%emt 00:00:05]} 32. Bxd1 {[%clk 00:01:25]} {[%emt 00:00:02]} Qg6 {[%clk
00:01:11]} {[%emt 00:00:40]} 33. Bxb4 {[%clk 00:01:20]} {[%emt 00:00:36]} axb4
{[%clk 00:01:39]} {[%emt 00:00:01]} 34. Qxb4 {[%clk 00:01:45]} {[%emt
00:00:05]} Bd5 {[%clk 00:01:19]} {[%emt 00:00:50]} 35. Bc2 {[%clk 00:00:44]}
{[%emt 00:01:32]} Qh5 {[%clk 00:01:17]} {[%emt 00:00:31]} 36. Qd4 {[%clk
00:00:43]} {[%emt 00:00:32]} Bc6 {[%clk 00:01:25]} {[%emt 00:00:22]} 37. Kh2
{[%clk 00:00:34]} {[%emt 00:00:38]} Qe2 {[%clk 00:00:57]} {[%emt 00:00:58]} 38.
Bd1 {[%clk 00:00:50]} {[%emt 00:00:14]} Qf1 {[%clk 00:00:48]} {[%emt 00:00:38]}
39. Qe3 {[%clk 00:01:07]} {[%emt 00:00:14]} Qd3 {[%clk 00:00:45]} {[%emt
00:00:34]} 40. Qf4 {[%clk 00:01:17]} {[%emt 00:00:20]} Qd5 {[%clk 00:00:38]}
{[%emt 00:00:37]} 41. g4 {[%clk 00:13:42]} {[%emt 00:18:05]} Rf8 {[%clk
00:24:24]} {[%emt 00:06:44]} 42. Qd6 {[%clk 00:02:26]} {[%emt 00:11:46]} Qxd6+
{[%clk 00:21:22]} {[%emt 00:03:32]} 43. cxd6 {[%clk 00:02:55]} {[%emt
00:00:02]} fxg4 {[%clk 00:11:07]} {[%emt 00:10:44]} 44. Bxg4 {[%clk 00:03:21]}
{[%emt 00:00:04]} Rxf2+ {[%clk 00:11:14]} {[%emt 00:00:23]} 45. Kg3 {[%clk
00:03:50]} {[%emt 00:00:01]} Rd2 {[%clk 00:11:05]} {[%emt 00:00:39]} 46. Bf5+
{[%clk 00:02:04]} {[%emt 00:02:16]} Kg8 {[%clk 00:06:49]} {[%emt 00:04:45]} 47.
d7 {[%clk 00:01:20]} {[%emt 00:01:15]} e3 {[%clk 00:04:40]} {[%emt 00:02:39]}
48. Kf4 {[%clk 00:00:40]} {[%emt 00:01:10]} e2 {[%clk 00:04:23]} {[%emt
00:00:47]} 49. Ke3 {[%clk 00:01:06]} {[%emt 00:00:04]} Rd6 {[%clk 00:03:39]}
{[%emt 00:01:14]} 50. Kxe2 {[%clk 00:00:49]} {[%emt 00:00:47]} Bxd7 {[%clk
00:03:54]} {[%emt 00:00:14]} 51. Bxd7 {[%clk 00:00:42]} {[%emt 00:00:37]} Rxd7
{[%clk 00:04:23]} 52. Rb1 {[%clk 00:00:37]} {[%emt 00:00:35]} Kf7 {[%clk
00:04:26]} {[%emt 00:00:27]} 53. Rb6 {[%clk 00:00:40]} {[%emt 00:00:27]} Ke7
{[%clk 00:03:01]} {[%emt 00:01:55]} 54. a5 {[%clk 00:00:54]} {[%emt 00:00:17]}
Kd8 {[%clk 00:02:52]} {[%emt 00:00:38]} 55. a6 {[%clk 00:01:08]} {[%emt
00:00:16]} bxa6 {[%clk 00:03:18]} {[%emt 00:00:05]} 56. Rxa6 {[%clk 00:01:36]}
{[%emt 00:00:02]} Rf7 {[%clk 00:03:26]} {[%emt 00:00:20]} 57. Ke3 {[%clk
00:00:32]} {[%emt 00:01:35]} Ke7 {[%clk 00:02:57]} {[%emt 00:00:58]} 58. Ra7+
{[%clk 00:00:32]} {[%emt 00:00:30]} Kf6 {[%clk 00:03:20]} {[%emt 00:00:06]} 59.
Ra5 {[%clk 00:00:33]} {[%emt 00:00:30]} Kg6 {[%clk 00:03:42]} {[%emt 00:00:07]}
60. Ra4 {[%clk 00:00:33]} {[%emt 00:00:31]} Kh5 {[%clk 00:03:26]} {[%emt
00:00:47]} 61. Rg4 {[%clk 00:00:44]} {[%emt 00:00:19]} g5 {[%clk 00:03:30]}
{[%emt 00:00:26]} 62. Ke2 {[%clk 00:00:47]} {[%emt 00:00:27]} Rf4 {[%clk
00:02:37]} {[%emt 00:01:23]} 63. Rg3 {[%clk 00:00:37]} {[%emt 00:00:40]} Kh4
{[%clk 00:02:26]} {[%emt 00:00:40]} 64. Ra3 {[%clk 00:00:52]} {[%emt 00:00:16]}
h5 {[%clk 00:02:36]} {[%emt 00:00:20]} 65. Ra5 {[%clk 00:00:47]} {[%emt
00:00:36]} g4 {[%clk 00:01:42]} {[%emt 00:01:24]} 66. hxg4 {[%clk 00:01:11]}
{[%emt 00:00:05]} hxg4 {[%clk 00:02:06]} {[%emt 00:00:05]} 67. Ra1 {[%clk
00:00:33]} {[%emt 00:01:09]} Kh3 {[%clk 00:01:53]} {[%emt 00:00:42]} 68. Ke3
{[%clk 00:00:39]} {[%emt 00:00:25]} Rf6 {[%clk 00:01:19]} {[%emt 00:01:03]} 69.
Ke2 {[%clk 00:00:32]} {[%emt 00:00:38]} Kg2 {[%clk 00:01:24]} {[%emt 00:00:24]}
70. Ke3 {[%clk 00:00:48]} {[%emt 00:00:14]} g3 {[%clk 00:01:28]} {[%emt
00:00:27]} 71. Ra2+ {[%clk 00:00:47]} {[%emt 00:00:32]} Kg1 {[%clk 00:01:36]}
{[%emt 00:00:21]} 72. Ra1+ {[%clk 00:01:02]} {[%emt 00:00:15]} Rf1 {[%clk
00:01:40]} {[%emt 00:00:25]} 73. Ra8 {[%clk 00:01:20]} {[%emt 00:00:13]} g2
{[%clk 00:02:01]} {[%emt 00:00:09]} 74. Rg8 {[%clk 00:01:35]} {[%emt 00:00:15]}
Rf7 {[%clk 00:02:04]} {[%emt 00:00:26]} 75. Ke2 {[%clk 00:02:01]} {[%emt
00:00:05]} Re7+ {[%clk 00:02:23]} {[%emt 00:00:11]} 76. Kd2 {[%clk 00:01:38]}
{[%emt 00:00:53]} Re5 {[%clk 00:02:30]} {[%emt 00:00:23]} 77. Rf8 {[%clk
00:01:45]} {[%emt 00:00:23]} Kh2 {[%clk 00:02:44]} {[%emt 00:00:16]} 78. Rh8
{[%clk 00:02:10]} {[%emt 00:00:05]} Kg3 {[%clk 00:03:08]} {[%emt 00:00:06]} 79.
Rg8+ {[%clk 00:02:36]} {[%emt 00:00:04]} Kf3 {[%clk 00:02:54]} {[%emt
00:00:43]} 80. Rg7 {[%clk 00:02:15]} {[%emt 00:00:52]} Re4 {[%clk 00:03:13]}
{[%emt 00:00:11]} 0-1

[Event "Women's World Cup 2023"]
[Site "Baku, Azerbaijan"]
[Date "2023.07.30"]
[Round "1.21"]
[White "Campos Maria Jose (ARG)"]
[Black "Yip Carissa (USA)"]
[Result "0-1"]
[WhiteFideId "146803"]
[BlackFideId "2090732"]
[WhiteElo "2212"]
[BlackElo "2369"]

1. c4 {[%clk 01:30:33]} {[%emt 00:00:26]} g6 {[%clk 01:30:45]} {[%emt
00:00:16]} 2. g3 {[%clk 01:30:24]} {[%emt 00:00:38]} c5 {[%clk 01:31:04]}
{[%emt 00:00:12]} 3. Bg2 {[%clk 01:30:34]} {[%emt 00:00:18]} Bg7 {[%clk
01:31:30]} {[%emt 00:00:06]} 4. Nc3 {[%clk 01:30:30]} {[%emt 00:00:33]} Nc6
{[%clk 01:31:56]} {[%emt 00:00:05]} 5. a3 {[%clk 01:29:37]} {[%emt 00:01:23]}
d6 {[%clk 01:27:41]} {[%emt 00:04:45]} 6. Rb1 {[%clk 01:26:20]} {[%emt
00:03:47]} e6 {[%clk 01:24:27]} {[%emt 00:03:44]} 7. b4 {[%clk 01:22:00]}
{[%emt 00:04:51]} Nge7 {[%clk 01:24:50]} {[%emt 00:00:07]} 8. Nf3 {[%clk
01:15:11]} {[%emt 00:07:19]} b6 {[%clk 01:16:59]} {[%emt 00:08:22]} 9. O-O
{[%clk 01:08:29]} {[%emt 00:07:11]} Bb7 {[%clk 01:15:31]} {[%emt 00:01:58]} 10.
e3 {[%clk 01:04:33]} {[%emt 00:04:26]} O-O {[%clk 01:08:19]} {[%emt 00:07:43]}
11. d4 {[%clk 00:58:29]} {[%emt 00:06:35]} Rc8 {[%clk 01:05:29]} {[%emt
00:03:20]} 12. Qd3 {[%clk 00:40:53]} {[%emt 00:18:05]} cxd4 {[%clk 00:47:30]}
{[%emt 00:18:29]} 13. exd4 {[%clk 00:39:57]} {[%emt 00:01:26]} e5 {[%clk
00:47:25]} {[%emt 00:00:35]} 14. d5 {[%clk 00:28:24]} {[%emt 00:12:02]} Nb8
{[%clk 00:47:42]} {[%emt 00:00:14]} 15. Bb2 {[%clk 00:21:26]} {[%emt 00:07:28]}
a6 {[%clk 00:47:47]} {[%emt 00:00:25]} 16. Rfd1 {[%clk 00:17:00]} {[%emt
00:04:56]} Nd7 {[%clk 00:47:17]} {[%emt 00:01:01]} 17. Qe2 {[%clk 00:14:36]}
{[%emt 00:02:53]} Qc7 {[%clk 00:45:15]} {[%emt 00:02:32]} 18. Bf1 {[%clk
00:11:59]} {[%emt 00:03:06]} h6 {[%clk 00:44:53]} {[%emt 00:00:52]} 19. Rbc1
{[%clk 00:11:00]} {[%emt 00:01:29]} Qb8 {[%clk 00:43:36]} {[%emt 00:01:47]} 20.
Nd2 {[%clk 00:07:27]} {[%emt 00:04:02]} f5 {[%clk 00:43:29]} {[%emt 00:00:37]}
21. Nb3 {[%clk 00:06:07]} {[%emt 00:01:52]} Kh7 {[%clk 00:35:45]} {[%emt
00:08:13]} 22. a4 {[%clk 00:05:53]} {[%emt 00:00:45]} Ba8 {[%clk 00:33:16]}
{[%emt 00:02:59]} 23. h4 {[%clk 00:04:11]} {[%emt 00:02:11]} Nf6 {[%clk
00:33:11]} {[%emt 00:00:35]} 24. Ba3 {[%clk 00:03:12]} {[%emt 00:01:30]} Rf7
{[%clk 00:30:45]} {[%emt 00:02:55]} 25. Bg2 {[%clk 00:02:47]} {[%emt 00:00:55]}
Rcf8 {[%clk 00:29:08]} {[%emt 00:02:07]} 26. a5 {[%clk 00:02:22]} {[%emt
00:00:55]} f4 {[%clk 00:27:35]} {[%emt 00:02:03]} 27. axb6 {[%clk 00:01:44]}
{[%emt 00:01:09]} Qxb6 {[%clk 00:23:27]} {[%emt 00:04:38]} 28. c5 {[%clk
00:01:52]} {[%emt 00:00:21]} dxc5 {[%clk 00:21:09]} {[%emt 00:02:48]} 29. Nxc5
{[%clk 00:01:56]} {[%emt 00:00:26]} fxg3 {[%clk 00:16:15]} {[%emt 00:05:24]} 30.
fxg3 {[%clk 00:01:54]} {[%emt 00:00:32]} Nf5 {[%clk 00:16:32]} {[%emt
00:00:13]} 31. N3a4 {[%clk 00:00:41]} {[%emt 00:01:44]} Qa7 {[%clk 00:06:44]}
{[%emt 00:10:17]} 32. Kh2 {[%clk 00:00:43]} {[%emt 00:00:27]} Ne3 {[%clk
00:06:43]} {[%emt 00:00:32]} 33. Ne6 {[%clk 00:00:36]} {[%emt 00:00:38]} Nfg4+
{[%clk 00:06:28]} {[%emt 00:00:44]} 34. Kh1 {[%clk 00:00:51]} {[%emt 00:00:15]}
Nf2+ {[%clk 00:04:00]} {[%emt 00:02:59]} 35. Kg1 {[%clk 00:01:14]} {[%emt
00:00:06]} Nfxd1 {[%clk 00:04:24]} {[%emt 00:00:06]} 36. Nxf8+ {[%clk
00:01:41]} {[%emt 00:00:04]} Bxf8 {[%clk 00:03:53]} {[%emt 00:01:00]} 37. Nc5
{[%clk 00:01:30]} {[%emt 00:00:41]} Rf2 {[%clk 00:04:12]} {[%emt 00:00:11]} 38.
Qxf2 {[%clk 00:00:44]} {[%emt 00:01:16]} Nxf2 {[%clk 00:04:36]} {[%emt
00:00:06]} 39. Kxf2 {[%clk 00:01:10]} {[%emt 00:00:03]} Nxg2 {[%clk 00:04:58]}
{[%emt 00:00:08]} 0-1